| 000 -LEADER |
| fixed length control field |
01589nam a22003497a 4500 |
| 001 - CONTROL NUMBER |
| control field |
909198588 |
| 003 - CONTROL NUMBER IDENTIFIER |
| control field |
OCoLC |
| 005 - DATE AND TIME OF LATEST TRANSACTION |
| control field |
20241225101155.0 |
| 008 - FIXED-LENGTH DATA ELEMENTS--GENERAL INFORMATION |
| fixed length control field |
150511s2016 pau b 001 0 eng |
| 010 ## - LIBRARY OF CONGRESS CONTROL NUMBER |
| LC control number |
2015018774 |
| 020 ## - INTERNATIONAL STANDARD BOOK NUMBER |
| International Standard Book Number |
9781496306142 |
| 040 ## - CATALOGING SOURCE |
| Transcribing agency |
KWIU |
| 041 ## - LANGUAGE CODE |
| Language code of text/sound track or separate title |
ENG |
| 080 ## - UNIVERSAL DECIMAL CLASSIFICATION NUMBER |
| Universal Decimal Classification number |
61 |
| Item number |
S-83 |
| 096 ## - LOCALLY ASSIGNED NLM-TYPE CALL NUMBER (OCLC) |
| Classification number |
WB 18.2 A259s 2016 |
| 100 ## - MAIN ENTRY--PERSONAL NAME |
| 9 (RLIN) |
177 |
| Personal name |
Agabegi,S.Steven |
| Relator term |
editor |
| 245 00 - TITLE STATEMENT |
| Title |
Step-up to medicine / |
| Statement of responsibility, etc. |
editors, Steven S. Agabegi, Elizabeth D. Agabegi. |
| 250 ## - EDITION STATEMENT |
| Edition statement |
4th ed. |
| 260 ## - PUBLICATION, DISTRIBUTION, ETC. |
| Place of publication, distribution, etc. |
Philadelphia : |
| Name of publisher, distributor, etc. |
Wolters Kluwer Health, |
| Date of publication, distribution, etc. |
[2016] |
| 300 ## - PHYSICAL DESCRIPTION |
| Extent |
x, 582 p. : |
| Other physical details |
ill. ; |
| Dimensions |
28 cm. |
| 365 ## - TRADE PRICE |
| Price amount |
11.48 usd |
| 504 ## - BIBLIOGRAPHY, ETC. NOTE |
| Bibliography, etc. note |
Includes bibliographical references and index. |
| 505 0# - FORMATTED CONTENTS NOTE |
| Formatted contents note |
Diseases of the cardiovascular system -- Diseases of the pulmonary system -- Obstructive lung diseases -- Diseases of the gastrointestinal system -- Endocrine and metabolic diseases -- Diseases of the central and peripheral nervous systems -- Connective tissue and joint diseases -- Diseases of the renal and genitourinary system -- Fluids, electrolytes, and acid-base disorders -- Hematologic diseases and neoplasms -- Infectious diseases -- Diseases of the skin and hypersensitivity disorders -- Ambulatory medicine. |
| 590 ## - LOCAL NOTE (RLIN) |
| Local note |
c.1 1006994x Ritt 11/23/15 $57.99. |
| 650 #2 - SUBJECT ADDED ENTRY--TOPICAL TERM |
| Topical term or geographic name entry element |
Clinical Medicine |
| Form subdivision |
Outlines. |
| 650 #2 - SUBJECT ADDED ENTRY--TOPICAL TERM |
| Topical term or geographic name entry element |
Clinical Medicine |
| Form subdivision |
Problems and Exercises. |
| 653 ## - INDEX TERM--UNCONTROLLED |
| Uncontrolled term |
კლინიკური მედიცინა |
| 653 ## - INDEX TERM--UNCONTROLLED |
| Uncontrolled term |
მედიცინა |
| 700 1# - ADDED ENTRY--PERSONAL NAME |
| Personal name |
Agabegi, Steven S. |
| 700 1# - ADDED ENTRY--PERSONAL NAME |
| Personal name |
Agabegi, Elizabeth D. |
| 942 ## - ADDED ENTRY ELEMENTS (KOHA) |
| Source of classification or shelving scheme |
|
| Koha item type |
Books |